| 000 | 00623nam a22002177a 4500 | ||
|---|---|---|---|
| 005 | 20211125151438.0 | ||
| 008 | 211125b xxu||||| |||| 00| 0 eng | ||
| 020 |
_a9788131607275 _cRs 795 |
||
| 040 | _beng | ||
| 041 | _aEnglish | ||
| 082 |
_a304.8 _bJOR |
||
| 100 | _aJordan, Bill | ||
| 245 |
_aMigration _bThe boundaries of equality and justice _cBill Jordan and Frank Duvell |
||
| 260 |
_aJaipur _bRawat Publications _c2003 |
||
| 300 |
_aviii,191p _b25 cm |
||
| 504 | _aIncludes bibliographical references and index | ||
| 650 | _aMigration | ||
| 700 |
_4Auth _aDuvell, Frank |
||
| 850 |
_aLCLIB _bDLIT |
||
| 942 | _cBK | ||
| 999 |
_c42803 _d93282 |
||